| 000 | 00672cab a2200205 4500 | ||
|---|---|---|---|
| 001 | WB2343-36 | ||
| 008 | 090401t1987 xxu||||| |||| 00| 0 eng d | ||
| 035 | _a(Sirsi) u39175 | ||
| 041 | _aeng | ||
| 245 | _aCrash hits property | ||
| 260 | _c1987 | ||
| 350 | _a0 | ||
| 490 |
_aGuardian _v26/10/87 p23 Financial Times Weekend 24/10/87 p7 2 |
||
| 520 | _aLooks at how the stock market crash is likely to affect the housing and retail property markets and reports on claims by the NAEA that the crash could initiate a property boom. | ||
| 650 | _aHOUSING MARKET | ||
| 650 | _aSHOP MARKET | ||
| 690 | _aPROPERTY LAW AND PRACTICE | ||
| 942 | _n0 | ||
| 948 | _c04/03/1997 | ||
| 999 |
_c25137 _d25137 |
||